000 03654nam0a2200421 4500
001 RU\NLR\BIBL_A\012874194
005 20230111173130.0
010 _a978-5-6047922-2-3
_9500
021 _aRU
_bКН-П-22-040745
_9КН-П-22-3519
035 _a(NLR Aleph) 012874194
035 _a(RuMoRGB)011121971
090 _a12498931
_c12498931
100 _a20220824d2022 u y0rusy50 ca
101 0 _arus
102 _aRU
105 _aa j 000zy
181 0 _ai3
_baxxe
182 0 _an
200 1 _aПодготовка демонстрационных материалов результатов научных исследований
_eучебное пособие
_eпо направлению подготовки 36.06.01 Ветеринария и зоотехния
_fК. А. Катков, Е. А. Конопко
_gМинистерство науки и высшего образования РФ, Федеральное государственное бюджетное научное учреждение "Северо-Кавказский федеральный научный аграрный центр" (ФГБНУ "Северо-Кавказский ФНАЦ")
203 _aТекст
_bвизуальный
_cнепосредственный
210 _aСтаврополь
_cСтаврополь - Сервис - Школа
_d2022
215 _a144 с.
_cил., цв. ил., табл.
_d21
300 _aНа обороте тит. с. авт.: К. А. Катков, канд. техн. наук. доц., Е. А. Конопко, канд. пед. наук. доц.
320 _aБиблиогр.: с. 142-143 (18 назв.)
330 _aB учебное пособие включены основные принципы подготовки демонстрационных материалов. Рассмотрены особенности создания рисунков в редакторах векторной графики. Показаны основные правила создания презентаций и приведены конкретные примеры работы в редакторе демонстрационной графики MS PowerPoint. Пособие предназначено для аспирантов, обучающихся по направлению подготовки 36.06.01 "Ветеринария и зоотехния", а также студентов, магистрантов высших учебных заведений, научных сотрудников И специалистов сельскохозяйственных предприятий
606 1 _aВекторная графика (компьют.)
_jУчебные издания для высших учебных заведений
_92418174
_3RU\NLR\AUTH\661440291
606 1 _aMICROSOFT POWER POINT 2019, графический редактор
_jУчебные издания для высших учебных заведений
_92518323
_3RU\NLR\AUTH\6601707022
606 1 _aПрезентации мультимедийные
_jУчебные издания
_xПроведение в высшей школе
_92538471
_3RU\NLR\AUTH\6601716602
675 _a004.92(075.8)
_v4
686 1 _aЗ973.2-044.4я73-1
686 1 _aЗ973.23-018.3я73-1
686 1 _aЧ421.253.1с51я7
700 1 _aКатков
_bК. А.
_gКонстантин Александрович
701 1 _aКонопко
_bЕ. А.
_gЕкатерина Александровна
942 _cBOOK
980 _aNB